[Event "Spring Open"]
[Site "Belgrade SCG"]
[Date "2008.03.26"]
[Round "2"]
[White "Vucinic,G"]
[Black "Pucarevic,M"]
[Result "0-1"]
[WhiteElo "1850"]
[BlackElo "2227"]

1.e4 g6 2.d4 Bg7 3.Nc3 d6 4.Bg5 h6 5.Be3 Nc6 6.f4 a6 7.h3 b5 8.Qd2 b4 9.Nce2 d5
10.e5 h5 11.Nf3 Nh6 12.Ng3 Nf5 13.Nxf5 Bxf5 14.Bd3 Qc8 15.O-O-O Rb8 16.Bxf5 gxf5
17.Qd3 Rb6 18.Nh4 e6 19.g4 hxg4 20.hxg4 Ne7 21.Rdg1 fxg4 22.Rxg4 Bf8 23.Rhg1 a5
24.Bf2 Qa6 25.Qxa6 Rxa6 26.Be1 Rc6 27.R1g3 Rc4 28.c3 bxc3 29.Bxc3 a4 30.b3 axb3
31.axb3 Rc6 32.Kb2 Rb6 33.Ba5 Rb7 34.Rc3 Kd7 35.Nf3 Nc6 36.b4 Nxa5  0-1

[Event "Spring Festival"]
[Site "Budapest HUN"]
[Date "2008.03.26"]
[Round "6"]
[White "Duong The Anh"]
[Black "Brustkern,J"]
[Result "1-0"]
[WhiteElo "2381"]
[BlackElo "2311"]

1.d4 g6 2.e4 Bg7 3.Nc3 d6 4.Be3 a6 5.Qd2 Nd7 6.f3 b5 7.a4 b4 8.Nd1 Rb8 9.c3 bxc3
10.bxc3 Ngf6 11.Bd3 O-O 12.Ne2 c6 13.O-O e5 14.Nf2 Qa5 15.Qc2 Re8 16.Rab1 Nb6
17.c4 Be6 18.d5 Bd7 19.c5 dxc5 20.Bd2 Qxa4 21.Qxc5 Bf8 22.d6 Qa2 23.Bg5 Qe6
24.Rxb6 Bxd6 25.Qe3  1-0

[Event "2nd Agzamov Memorial"]
[Site "Tashkent UZB"]
[Date "2008.03.26"]
[Round "7"]
[White "Sabirov,F"]
[Black "Rustamov,A"]
[Result "1-0"]
[WhiteElo "2362"]
[BlackElo "2265"]

1.e4 g6 2.d4 Bg7 3.Nc3 d6 4.f4 Nc6 5.Be3 Nf6 6.Nf3 O-O 7.d5 Nb8 8.Be2 c5
9.Nd2 e6 10.dxe6 Bxe6 11.O-O Qd7 12.Nc4 Bxc4 13.Bxc4 Ng4 14.Nd5 Nxe3 15.Nxe3 Bxb2
16.Nd5 Bg7 17.f5 Nc6 18.f6 Bh6 19.Qe1 Qg4 20.Ne7+ Kh8 21.Rb1 Qg5 22.Bd5 Nb4
23.h4 Qg4 24.Kh2 Bf4+ 25.g3 Be5 26.Kg2 Nxc2 27.Qf2 Nb4 28.Qf3 Qxf3+ 29.Rxf3 Nxd5
30.exd5 b6 31.g4 h6 32.g5 h5 33.a4 c4 34.Rc1 Rac8 35.Nc6 Rxc6 36.dxc6 d5
37.Re1 Bb2 38.Rfe3 c3 39.Re8  1-0

[Event "Spring Open"]
[Site "Belgrade SCG"]
[Date "2008.03.27"]
[Round "3"]
[White "Paulic,B"]
[Black "Jovicic,R"]
[Result "1-0"]
[WhiteElo "2120"]
[BlackElo "2288"]

1.e4 g6 2.d4 Bg7 3.Nc3 d6 4.Be3 Nf6 5.Be2 O-O 6.Qd2 e5 7.dxe5 dxe5 8.O-O-O Qxd2+
9.Rxd2 c6 10.a4 Be6 11.h3 Nbd7 12.Nf3 h6 13.g4 g5 14.Rhd1 Rfc8 15.h4 Rc7
16.hxg5 Nxg4 17.gxh6 Nxe3 18.Rg1 Ng4 19.hxg7 Nxf2 20.Ng5 Re8 21.Bf3 Nh3 22.Nxh3 f6
23.Rh2 Nc5 24.b4 Na6 25.Nf4 Rxg7 26.Rxg7+ Kxg7 27.Nxe6+ Rxe6 28.Bg4 Re7 29.b5 Nc5
30.Bf5 Kg8 31.Rh6 Rf7 32.a5 Kg7 33.Rh5 Kg8 34.Kb2 cxb5 35.Nxb5 b6 36.axb6 axb6
37.Nc3 Rg7 38.Rh6  1-0

[Event "Spring Festival"]
[Site "Budapest HUN"]
[Date "2008.03.27"]
[Round "7"]
[White "Pogats,J"]
[Black "Feher,L2"]
[Result "0-1"]
[WhiteElo "1970"]
[BlackElo "1840"]

1.e4 g6 2.d4 Bg7 3.Nc3 d6 4.Nf3 Nf6 5.Be2 c6 6.a4 a5 7.O-O O-O 8.h3 Nbd7
9.Be3 Qc7 10.Qd2 Rb8 11.Rad1 Nb6 12.Ne1 Bd7 13.f4 Nc8 14.Nf3 b5 15.axb5 cxb5
16.e5 Ne8 17.g4 f5 18.g5 b4 19.Nb1 d5 20.Rc1 Nb6 21.b3 e6 22.c4 Qb7 23.Qc2 Rc8
24.Qa2 Ra8 25.c5 Nc8 26.h4 Ne7 27.h5 Rf7 28.Nh4 Nc7 29.Rf2 Rff8 30.Bd1 Rfb8
31.hxg6 hxg6 32.Rfc2 Kf7 33.c6 Bxc6 34.Rc5 a4 35.bxa4 Na6 36.Rxc6 Nxc6 37.Qe2 Rh8
38.Nf3 Rh3 39.Qb5 Nd8 40.Kg2 Rh8 41.Be2 Re8 42.Qxb7+ Nxb7 43.Bxa6 Rxa6 44.Rc7+ Re7
45.Rxe7+ Kxe7 46.Nh4 Kf7 47.Kf2 Bf8 48.Nf3 Rxa4 49.Nfd2 Ra1 50.Ke2 Na5 51.Kd1 Nc4
52.Ke2 Nxe3 53.Kxe3 b3 54.Kd3 Bb4 55.Nc3 b2 56.Ndb1 Bxc3  0-1

[Event "ch-TUR"]
[Site "Ankara TUR"]
[Date "2008.03.28"]
[Round "6"]
[White "Duman,A"]
[Black "Gurevich,M"]
[Result "0-1"]
[WhiteElo "2231"]
[BlackElo "2607"]

1.e4 d6 2.d4 g6 3.Nc3 Bg7 4.f4 Nf6 5.Nf3 c5 6.Bb5+ Bd7 7.e5 Ng4 8.Bxd7+ Qxd7
9.d5 dxe5 10.h3 e4 11.Nxe4 Nf6 12.Nxf6+ Bxf6 13.O-O O-O 14.Be3 Bxb2 15.Rb1 Bf6
16.Ne5 Qc7 17.Ng4 Nd7 18.f5 Rad8 19.Bf4 Qc8 20.d6 Qc6 21.Nxf6+ exf6 22.Qd2 Rfe8
23.Rbd1 Re4 24.Qa5 Rc8 25.Rde1 a6 26.Kh1 Kg7 27.Bg3 g5 28.Rxe4 Qxe4 29.Qc3 c4
30.Qb4 Rc5 31.Re1 Qxc2 32.Qxb7 Qxf5 33.Qxa6 h5 34.Kg1 c3 35.Rf1 c2 36.Rxf5 Rxf5
37.Qa3 Rd5  0-1

[Event "Spring Open"]
[Site "Belgrade SCG"]
[Date "2008.03.29"]
[Round "5"]
[White "Miladinovic,L"]
[Black "Radojkovic,V"]
[Result "0-1"]
[WhiteElo "1823"]
[BlackElo "2037"]

1.e4 g6 2.d4 d6 3.Nc3 Bg7 4.Nf3 c6 5.a4 a5 6.Bc4 Nf6 7.O-O O-O 8.h3 Na6 9.Qe2 Qb6
10.e5 Ne8 11.Re1 Nb4 12.e6 f6 13.d5 cxd5 14.Bxd5 f5 15.Be3 Qd8 16.Ng5 Bxc3
17.Nf7 Qc7 18.bxc3 Nxd5 19.Bh6 Ng7 20.Qd2 Nf6 21.Bxg7 Kxg7 22.Qh6+ Kg8 23.Ng5 Qxc3
24.Rac1 b6 25.Re3 Qd2 26.Rb1 Qxc2 27.Rxb6 Qd1+ 28.Kh2 Qh5 29.Qxh5 Nxh5 30.Rc6 h6
31.Nf7 Nf4 32.Nxh6+ Kg7  0-1

[Event "TCh-HUN 2007-8"]
[Site "Budapest HUN"]
[Date "2008.03.30"]
[Round "9"]
[White "Horvath,Ta1"]
[Black "Rat,D"]
[Result "1-0"]
[WhiteElo "2419"]
[BlackElo "2322"]

1.e4 d6 2.d4 g6 3.Nc3 Bg7 4.Bg5 Nd7 5.Qd2 c5 6.Nf3 a6 7.O-O-O Qa5 8.Kb1 cxd4
9.Nxd4 Ngf6 10.f3 Qc7 11.h4 h6 12.Be3 Ne5 13.g4 Bd7 14.Be2 O-O-O 15.g5 Ng8
16.Nd5 Qb8 17.Qc3+  1-0

[Event "TCh-HUN 2007-8"]
[Site "Budapest HUN"]
[Date "2008.03.30"]
[Round "9"]
[White "Borsos,B"]
[Black "Horvath,Gy1"]
[Result "1/2-1/2"]
[WhiteElo "2338"]
[BlackElo "2419"]

1.e4 g6 2.d4 Bg7 3.Nc3 d6 4.Nge2 Nf6 5.h3 O-O 6.g3 e5 7.Bg2 c6 8.Be3 Nbd7
9.Qd2 Nb6 10.b3 d5 11.dxe5 Nxe4 12.Nxe4 dxe4 13.Qxd8 Rxd8 14.Bd4 Re8 15.Bxe4 Bxe5
16.Bxe5 Rxe5 17.Bf3 Bf5 18.O-O-O Rae8 19.Rd2 Kg7 20.Nf4 Be4  1/2-1/2

[Event "ch-SRB w"]
[Site "Kac SRB"]
[Date "2008.03.30"]
[Round "2"]
[White "Eric,J"]
[Black "Petrovic,Mari"]
[Result "0-1"]
[WhiteElo "2104"]
[BlackElo "2168"]

1.e4 d6 2.d4 g6 3.Nc3 Bg7 4.f4 Nf6 5.Nf3 O-O 6.Be2 c6 7.a4 d5 8.e5 Ne8 9.O-O Bf5
10.Nh4 e6 11.Nf3 Bg4 12.h3 Bxf3 13.Bxf3 Qh4 14.Kh2 Na6 15.g3 Qe7 16.b3 Qb4
17.Ne2 c5 18.Ba3 Qb6 19.a5 Qc7 20.dxc5 Nxc5 21.b4 Nd7 22.b5 Nc5 23.b6 axb6
24.axb6 Qc8 25.Qd4 Nd7 26.Bxf8 Bxf8 27.Qb2 Rb8 28.Nd4 Bc5 29.Nb5 Nxb6 30.Be2 Nd7
31.Rf3 Qd8 32.Rd1 Qe7 33.Rb3 Ng7 34.Bd3 Nh5 35.Nd4 Ba7 36.Rb5 Qf8 37.Be2 Ng7
38.Rxb7 Bxd4 39.Rxd4 Rxb7 40.Qxb7 Nf5 41.Rd2 Qc5 42.Bd3 Qe3 43.Rg2 Nd4 44.Qb1 Nf3+
45.Kh1 Ne1 46.Qd1 Nxg2 47.Kxg2 Nc5 48.Qf1 Qd4 49.Qe2 Qc3 50.h4 h5 51.Kf2 Na4
52.Qe1 Qc5+ 53.Qe3 d4 54.Qf3 Nc3 55.Qb7 Nd5 56.Qb5 Qc3 57.Ke2 Qa1 58.Qc5 Qg1
59.Kf3 Qe3+ 60.Kg2 Qd2+ 61.Kg1 Ne3 62.Qc6 Qe1+ 63.Kh2 Qf2+ 64.Kh3 Qg1 65.Qf3 Ng4  0-1

[Event "FKB ch-USA Qualifier"]
[Site "Tulsa USA"]
[Date "2008.03.30"]
[Round "6"]
[White "Pruess,D"]
[Black "Burnett,R"]
[Result "1/2-1/2"]
[WhiteElo "2431"]
[BlackElo "2371"]

1.e4 d6 2.d4 g6 3.Nc3 Bg7 4.f4 a6 5.Nf3 Nd7 6.Bd3 c5 7.d5 b5 8.O-O Qc7 9.e5 c4
10.Be4 Nc5 11.e6 f5 12.Bxf5 gxf5 13.Nh4 Nf6 14.Nxf5 Rg8 15.Be3 b4 16.Ne2 Bb7
17.Bd4 Nce4 18.Ne3 Nxd5 19.Nxd5 Bxd5 20.Bxg7 Qc5+ 21.Bd4 Nc3 22.Ng3 Nxd1
23.Bxc5 Nxb2 24.Bxb4 Rb8 25.Bc3 Na4 26.Bd4 Bxe6 27.Rae1 Kd7 28.Rf3 Bd5 29.Rfe3 e6
30.Ne4 Bxe4 31.Rxe4 Rge8 32.g4 Rb5 33.h4 Rg8 34.g5 Rf5 35.Kg2 e5 36.fxe5 h6
37.e6+ Ke7 38.Be3 d5 39.Rf4 Rxf4 40.Bxf4 Nc5 41.Kh3 Nxe6 42.gxh6 Kf7 43.Be5 Kg6
44.Rg1+ Kh7 45.Rxg8 Kxg8 46.Kg4 Kh7 47.Kf5 Nd8 48.Bf4 Nc6 49.Ke6 Nb4 50.Bd2 Nxa2
51.c3 Nxc3 52.Bxc3 Kxh6 53.Kxd5 Kh5 54.Be1 c3 55.Bxc3 Kxh4  1/2-1/2

[Event "FKB ch-USA Qualifier"]
[Site "Tulsa USA"]
[Date "2008.03.30"]
[Round "6"]
[White "Perelshteyn,E"]
[Black "Schoonmaker,N"]
[Result "1-0"]
[WhiteElo "2551"]
[BlackElo "2202"]

1.e4 g6 2.d4 Bg7 3.Nc3 d6 4.Nf3 a6 5.a4 b6 6.Bg5 h6 7.Be3 e6 8.Bd3 Ne7 9.Qd2 Nd7
10.O-O Bb7 11.h3 g5 12.Nh2 Ng6 13.Ne2 O-O 14.f4 gxf4 15.Nxf4 e5 16.Nxg6 fxg6
17.Bxh6 exd4 18.Bc4+ Kh7 19.Ng4 Qe7 20.Bxg7 Qxg7 21.Qg5 Kh8 22.Be6 Ne5 23.Nf6 Rxf6
24.Rxf6 Qe7 25.Qh6+ Qh7 26.Rf8+  1-0

[Event "Spring Open"]
[Site "Belgrade SCG"]
[Date "2008.04.01"]
[Round "8"]
[White "Kovacevic,Bo"]
[Black "Popovic,Mila"]
[Result "0-1"]
[WhiteElo "1898"]
[BlackElo "1988"]

1.e4 g6 2.d4 d6 3.Nc3 Bg7 4.f4 Nf6 5.Nf3 Bg4 6.h3 Bxf3 7.Qxf3 Nc6 8.Be3 e5
9.Ne2 Nh5 10.O-O-O Qe7 11.dxe5 dxe5 12.f5 O-O 13.g4 Nf4 14.Nxf4 exf4 15.Bxf4 Ne5
16.Qg2 Rfd8 17.Be2 Qb4 18.Bd2 Nd3+  0-1

[Event "A.Lutikov Memorial"]
[Site "Tiraspol MDA"]
[Date "2008.04.01"]
[Round "2"]
[White "Rakhmangulov,A"]
[Black "Susterman,L"]
[Result "1/2-1/2"]
[WhiteElo "2318"]
[BlackElo "2312"]

1.d4 g6 2.e4 Bg7 3.Nc3 d6 4.Nf3 Bg4 5.Be2 Nd7 6.Be3 Ngf6 7.e5 Ng8 8.exd6 cxd6
9.h3 Bxf3 10.Bxf3 Rb8 11.O-O Ngf6 12.a4 O-O 13.a5 a6 14.Re1 Qc7  1/2-1/2

[Event "TCh-RUS Major League"]
[Site "Dagomys RUS"]
[Date "2008.04.04"]
[Round "2"]
[White "Chuprikov,D"]
[Black "Nagibin,G"]
[Result "0-1"]
[WhiteElo "2461"]
[BlackElo "2358"]

1.d4 g6 2.e4 Bg7 3.Nc3 d6 4.Be3 Nc6 5.d5 Nb8 6.Qd2 c6 7.O-O-O Qa5 8.Nge2 c5
9.Kb1 b5 10.Nc1 b4 11.N3e2 Nd7 12.f3 Rb8 13.Ng3 h5 14.h4 Ba6 15.Bxa6 Qxa6
16.Qe2 Qa4 17.f4 Nh6 18.e5 dxe5 19.fxe5 Bxe5 20.Bxh6 Rxh6 21.Ne4 f6 22.d6 Rh7
23.g4 Qb5 24.Qg2 Qc4 25.gxh5 gxh5 26.Rhe1 Rb6 27.dxe7 Rxe7 28.Nd3 Bd4  0-1

[Event "TCh-RUS w"]
[Site "Dagomys RUS"]
[Date "2008.04.04"]
[Round "3"]
[White "Akatova,E"]
[Black "Fominykh,M"]
[Result "1-0"]
[WhiteElo "2320"]
[BlackElo "2314"]

1.e4 g6 2.d4 Bg7 3.Nc3 d6 4.Be3 a6 5.Qd2 Nd7 6.f3 b5 7.g4 Bb7 8.Nh3 e5 9.Nf2 h5
10.Bg2 Nb6 11.b3 exd4 12.Bxd4 Bxd4 13.Qxd4 Qf6 14.O-O-O Qxd4 15.Rxd4 hxg4
16.fxg4 O-O-O 17.Nd5 Nd7 18.h3 Ne5 19.a4 c6 20.Ne3 Ne7 21.Rhd1 Kc7 22.axb5 axb5
23.c4 Ba6 24.Nd3 c5 25.Nd5+ Nxd5 26.Rxd5 Nxd3+ 27.R5xd3 bxc4 28.Rf3 Rd7 29.e5 dxe5
30.Rxd7+ Kxd7 31.Rxf7+ Ke6 32.Ra7 Bb5 33.Rb7 Bd7 34.bxc4 Rd8 35.Rb6+ Kf7
36.Bd5+ Kg7 37.Rd6 g5 38.Bc6 Bxc6 39.Rxd8 Bg2 40.Rd3 e4 41.Rd5 Kf6 42.Rxc5 Bxh3
43.Rf5+ Kg6 44.Re5 Bxg4 45.Rxe4 Bf3 46.Re8 Kf7 47.Re3 g4 48.c5 Kf6 49.Kd2 Kf5
50.Ke1 Bc6 51.Kf2 Kf4 52.Rc3 Ke5 53.Kg3 Bd7 54.c6 Bc8 55.Rd3 Be6 56.Rd8  1-0

[Event "IX Dos Hermanas Internet"]
[Site "ICC INT"]
[Date "2008.04.04"]
[Round "1.1"]
[White "Hammer,J"]
[Black "Gareev,T"]
[Result "0-1"]
[WhiteElo "2457"]
[BlackElo "2570"]

1.e4 g6 2.d4 Bg7 3.Nc3 d6 4.f4 c6 5.Nf3 Bg4 6.Be2 d5 7.e5 e6 8.O-O Ne7 9.h3 Bxf3
10.Bxf3 h5 11.g3 Nf5 12.Ne2 c5 13.c4 cxd4 14.cxd5 exd5 15.Qb3 Nc6 16.Bd2 O-O
17.Rac1 d3 18.Qxd3 Qb6+ 19.Kg2 Rad8 20.b3 d4 21.Bxc6 bxc6 22.Qe4 d3 23.Nc3 Rd4
24.Qf3 Qb4 25.Ne4 Qa3 26.Rf2 Rdd8 27.Bc3 Rfe8 28.Rd1 Qa6 29.Rfd2 Qb5 30.Rxd3 Rxd3
31.Qxd3 Qb6 32.Rd2 Ne3+ 33.Kf3 Nd5 34.Bd4 Qa5 35.Nd6 Rd8 36.Rc2 Nb4 37.Qd2 Qd5+
38.Ke3 Nxc2+ 39.Qxc2 Rxd6  0-1

[Event "TCh-RUS Major League"]
[Site "Dagomys RUS"]
[Date "2008.04.05"]
[Round "3"]
[White "Yudin,S"]
[Black "Tseshkovsky,V"]
[Result "0-1"]
[WhiteElo "2531"]
[BlackElo "2504"]

1.e4 g6 2.d4 Bg7 3.Nc3 d6 4.f4 Nf6 5.Nf3 c5 6.Bb5+ Bd7 7.Bxd7+ Nbxd7 8.d5 O-O
9.O-O b5 10.e5 dxe5 11.fxe5 Ng4 12.e6 b4 13.exf7+ Rxf7 14.Ne4 Nb6 15.h3 Ne5
16.Nxe5 Rxf1+ 17.Kxf1 Bxe5 18.Nxc5 Rc8 19.Nd3 Qxd5 20.Qe2 Bd4 21.Bh6 Qf7+
22.Ke1 Rc6 23.Nf4 Bxb2 24.Rd1 Rc8 25.Qa6 Qf5 26.Rd3 Bg7 27.Bxg7 Qxf4 28.Bd4 Rxc2
29.Be3 Qc4 30.Qxc4+ Nxc4  0-1

[Event "ch-NED"]
[Site "Hilversum NED"]
[Date "2008.04.06"]
[Round "5"]
[White "Visser,Y"]
[Black "Bosboom,M"]
[Result "1-0"]
[WhiteElo "2477"]
[BlackElo "2471"]

1.e4 g6 2.d4 Bg7 3.Nc3 d6 4.Nf3 Nf6 5.Be3 O-O 6.h3 a6 7.a4 b6 8.Bc4 e6 9.O-O Bb7
10.Nd2 Nbd7 11.b4 Nxe4 12.Ncxe4 d5 13.Bd3 dxe4 14.Bxe4 Bxe4 15.Nxe4 Qe7 16.c3 f5
17.Bg5 Qf7 18.Nd2 h6 19.Bf4 e5 20.dxe5 Nxe5 21.Bxe5 Bxe5 22.Qc2 Rfe8 23.Rad1 a5
24.Nf3 Bf6 25.Rd3 Re7 26.Rfd1 Kg7 27.Rd5 Qe6 28.b5 Rae8 29.c4 Qf7 30.c5 Re2
31.Qd3 R2e4 32.Qc2 Re2 33.R5d2 Rxd2 34.Rxd2 Qe6 35.Rd1 Re7 36.cxb6 cxb6 37.Rd8 Qe4
38.Qb3 Rf7 39.Rd6 g5 40.Re6 Qb4 41.Qc2 Qf4 42.Rxb6 Re7 43.Qc6 Rf7 44.Rb7 g4
45.hxg4 fxg4 46.Rxf7+ Kxf7 47.Nh2 Bd4 48.Qd7+ Kf8 49.Nxg4 h5 50.Qd8+ Kf7
51.Qd5+ Kg6 52.Qe6+ Kg7 53.Qe7+ Kg6 54.Qe8+ Kg5 55.Ne3 Qf6 56.Qe4 Bb6 57.Qd5+ Kg6
58.Qc6  1-0

[Event "ch-SRB w"]
[Site "Kac SRB"]
[Date "2008.04.06"]
[Round "8"]
[White "Mladenovic,J"]
[Black "Petrovic,Mari"]
[Result "1-0"]
[WhiteElo "2114"]
[BlackElo "2168"]

1.e4 g6 2.d4 Bg7 3.Nc3 d6 4.Nf3 Nf6 5.h3 a6 6.a4 O-O 7.Be3 b6 8.Bc4 e6 9.O-O Bb7
10.Bd3 c5 11.dxc5 dxc5 12.a5 Nbd7 13.axb6 Qxb6 14.Na4 Qc7 15.Nd2 Rfc8 16.Qe2 Nh5
17.Nc4 Rab8 18.g3 Bf8 19.Rfd1 Bc6 20.Qd2 Ne5 21.Nxe5 Qxe5 22.f4 Qc7 23.Nxc5 Bxc5
24.Bxc5 Nxg3 25.Qf2 Nxe4 26.Bxe4 Bxe4 27.Bd6 Qxc2 28.Bxb8 Qxf2+ 29.Kxf2 Rxb8
30.Rd2 Rb6 31.Rc1 Bc6 32.Rc3 Kg7 33.Ke3 Bb5 34.Rc7 Rb8 35.Ra7 Kf6 36.Rc2 Be8
37.Rxa6 Rb3+ 38.Rc3 Rxb2 39.Ra8 Bb5 40.Ra7 Re2+ 41.Kf3 Rd2 42.Rcc7 Be8 43.Re7 Rd8
44.h4 Rc8 45.Ke4 h6 46.Kf3 Bc6+ 47.Kg3 Rf8 48.Kg4 Bb5 49.Kf3 Bd3 50.Ke3 Bc2
51.Kf3 Bd1+ 52.Ke4 Bh5 53.Rec7 g5 54.hxg5+ hxg5 55.fxg5+ Kxg5 56.Rc5+ Kh6
57.Ke5 Kg7 58.Ra1 Rd8 59.Rg1+ Bg6 60.Ra5 Rd2 61.Ra7 Rd5+ 62.Kf4 Kf6 63.Ra6 Rd4+
64.Ke3 Re4+ 65.Kf3 Rb4 66.Re1 Bf5 67.Ra7 Rb3+ 68.Re3 Rb1 69.Re2 Bg6 70.Kf4 e5+
71.Kg3 Rb3+ 72.Kf2 Rb5 73.Ra1 Kg5 74.Re3 Bf5 75.Rf1 e4 76.Kg3 f6 77.Rf4 Re5
78.Rh4 Re7 79.Rf4 Bh7 80.Rg4+ Kf5 81.Rh4 Ke5 82.Rh5+ f5 83.Ra3 Rg7+ 84.Kf2 Kf4
85.Rh4+ Ke5 86.Ra5+ Kf6 87.Rh6+ Kg5 88.Rh1 Rb7 89.Ke3 Rb3+ 90.Ke2 Rb7 91.Ke3 Re7
92.Rg1+ Kf6 93.Ra6+ Ke5 94.Ra5+ Kd6 95.Ra6+ Kc5 96.Rc1+ Kd5 97.Ra5+ Ke6 98.Ra6+ Kf7
99.Rh1 Kg7 100.Rg1+ Kf7 101.Rh1 Bg6 102.Rh6 f4+ 103.Kxf4 e3 104.Raxg6 e2
105.Rh7+ Kf8 106.Rxe7  1-0

[Event "K41 Scandinavian Open"]
[Site "Valby DEN"]
[Date "2008.04.06"]
[Round "11"]
[White "Pedersen,Da"]
[Black "Mikkelsen,N"]
[Result "0-1"]
[WhiteElo "2258"]
[BlackElo "2390"]

1.e4 g6 2.d4 Bg7 3.Nc3 d6 4.Be3 a6 5.f4 b5 6.Nf3 Nd7 7.Bd3 Bb7 8.Qd2 c5 9.O-O-O c4
10.Be2 Qa5 11.a3 b4 12.axb4 Qxb4 13.Nb1 Qa4 14.e5 Nb6 15.Na3 Nh6 16.c3 Be4
17.d5 Nxd5 18.Bxc4 Bxf3 19.Bxd5 Bxd5 20.Qxd5 O-O 21.exd6 exd6 22.Qc4 Qd7
23.Bd4 Rfc8 24.Qd5 Bxd4 25.Rxd4 Nf5 26.Rb4 Ra7 27.Re1 h5 28.Nc4 Rc5 29.Qd3 Kh7
30.Rd1 a5 31.Rb6 Qc7  0-1

[Event "K41 Scandinavian Open"]
[Site "Valby DEN"]
[Date "2008.04.06"]
[Round "11"]
[White "Thorfinnsson,Bj"]
[Black "Lund,E"]
[Result "1-0"]
[WhiteElo "2364"]
[BlackElo "2403"]

1.d4 d6 2.e4 g6 3.Nc3 Bg7 4.Be3 a6 5.Qd2 Nd7 6.Bc4 e6 7.a4 b6 8.Nh3 h6 9.O-O Ne7
10.Rae1 Nf6 11.f3 Kf8 12.Nf2 Bb7 13.Ng4 Nfg8 14.Bb3 Rc8 15.Rd1 Qe8 16.f4 h5
17.Nf2 Nf6 18.Qd3 Kg8 19.Bc1 d5 20.exd5 Nfxd5 21.Nxd5 Nxd5 22.Rfe1 Qc6 23.Qh3 Rd8
24.c3 h4 25.Ne4 Rh5 26.Ng5 Qd6 27.Qg4 Nf6 28.Qh3 Nd5 29.Qf3 Ba8 30.Qg4 Nf6
31.Qh3 Bd5 32.c4 Bb7 33.c5 bxc5 34.Nxf7 Kxf7 35.Rxe6 Kf8 36.Rxd6 Rxd6 37.dxc5 Rxd1+
38.Bxd1 Rxc5 39.Qa3  1-0

[Event "6th V.Nabokov Mem"]
[Site "Kyiv UKR"]
[Date "2008.04.07"]
[Round "5"]
[White "Vysochin,S"]
[Black "Moliboga,V"]
[Result "1-0"]
[WhiteElo "2521"]
[BlackElo "2271"]

1.e4 g6 2.d4 Bg7 3.Nc3 d6 4.Bg5 c5 5.dxc5 Qa5 6.Qd2 Qxc5 7.Nd5 Bd7 8.O-O-O Na6
9.Be3 Qc6 10.Bxa6 bxa6 11.Bd4 e5 12.Be3 Rc8 13.Ne2 f5 14.exf5 Bxf5 15.Nec3 a5
16.f4 Ne7 17.Nxe7 Kxe7 18.fxe5 Bxe5 19.Bd4 Kf7 20.Bxe5 dxe5 21.Qd5+ Qxd5
22.Rxd5 Rhe8 23.Rxa5 Rc7 24.Re1 e4 25.Kd2 Rd8+ 26.Kc1 Re8 27.Re3 h5 28.Ra4 Kg7
29.Nb5 Rd7 30.Nd4 Kf6 31.Kd2 h4 32.Rea3 Rb8 33.Rb3 h3 34.g3 Rxb3 35.axb3 Kg5
36.Ke3 Kg4 37.c3 Re7 38.c4 Bc8 39.c5 Rf7 40.Ra1 a5 41.c6 g5 42.Rc1 Rf8 43.c7 Bb7
44.Rc5 Rf1 45.c8=Q+ Bxc8 46.Rxc8 Re1+ 47.Ne2 Rh1 48.Rc4 Rxh2 49.Rxe4+ Kh5
50.Kf3 Rh1 51.g4+ Kg6 52.Kg3 Rb1 53.Kxh3 Rxb2 54.Re3 Ra2 55.Nc3 Rb2 56.Nd5 Rd2
57.Nb6 Rd4 58.Kg3 Rb4 59.Nd5 Rd4 60.Ne7+ Kf6 61.Nc6 Rd5 62.Kf3 Rc5 63.Nd4 a4
64.bxa4 Rc4 65.Re6+ Kf7 66.Rd6 Rxa4 67.Ke4  1-0

[Event "V Magistral da Hebraica"]
[Site "Sao Paulo BRA"]
[Date "2008.04.08"]
[Round "3"]
[White "Diamant,A"]
[Black "Leitao,R"]
[Result "0-1"]
[WhiteElo "2407"]
[BlackElo "2604"]

1.e4 d6 2.d4 g6 3.Nc3 Bg7 4.Be3 a6 5.a4 Nf6 6.Nf3 O-O 7.h3 d5 8.e5 Ne4 9.Nxe4 dxe4
10.Ng5 c5 11.dxc5 Qc7 12.Bc4 Nc6 13.Nxe4 Qxe5 14.Nc3 Bf5 15.O-O Rad8 16.Qe2 Nd4
17.Bxd4 Qxd4 18.c6 bxc6 19.Bxa6 Qb6 20.Ra2 Qb4 21.Nb1 Bxb2 22.c3 Bxc3 23.Nxc3 Qxc3
24.Qxe7 Ra8 25.Be2 Rfe8 26.Qb7 Rab8 27.Qa6 Bb1  0-1

[Event "TCh-RUS Major League"]
[Site "Dagomys RUS"]
[Date "2008.04.09"]
[Round "7"]
[White "Shimanov,A"]
[Black "Nagibin,G"]
[Result "1/2-1/2"]
[WhiteElo "2480"]
[BlackElo "2358"]

1.e4 g6 2.d4 Bg7 3.Nc3 d6 4.Nge2 Nc6 5.Be3 e5 6.Qd2 Nf6 7.f3 exd4 8.Nxd4 O-O
9.O-O-O Nxd4 10.Bxd4 Be6 11.g4 c5 12.Be3 Qa5 13.a3 Rfd8 14.g5 Ne8 15.Nd5 Qa4
16.c3 Bxd5 17.Qxd5 b5 18.Be2 Rab8 19.Rd2 Nc7 20.Qc6 Ne6 21.Rxd6 Rdc8 22.Qd5 b4
23.Ra6 Qe8 24.Qc4 bxc3 25.bxc3 Rb7 26.Bd3 Rcb8 27.Bd2 Nc7 28.Ra5 Nb5 29.Re1 Qd8
30.Ra6 Nxc3 31.e5 Rb1+ 32.Bxb1 Rxb1+ 33.Kc2 Rxe1 34.Bxe1 Qd1+ 35.Kb2 Qxe1
36.Rxa7 Qd2+ 37.Kb3 Qd1+ 38.Kb2 Na4+ 39.Ka2 Qd2+  1/2-1/2

[Event "Gausdal Classics GMB"]
[Site "Gausdal NOR"]
[Date "2008.04.09"]
[Round "2"]
[White "Leniart,A"]
[Black "Lie,Es"]
[Result "1/2-1/2"]
[WhiteElo "2324"]
[BlackElo "2440"]

1.e4 g6 2.d4 Bg7 3.Nc3 d6 4.Be2 Nf6 5.Be3 O-O 6.Qd2 c6 7.h4 Qa5 8.Bh6 Bxh6
9.Qxh6 Nxe4 10.h5 Qg5 11.hxg6 Qxh6 12.Rxh6 Nxc3 13.gxh7+ Kg7 14.h8=Q+ Rxh8
15.Rxh8 Kxh8 16.bxc3 Be6 17.Nf3 Kg7 18.Ng5 Bf5 19.Bd3 Bxd3 20.cxd3 Nd7 21.Nf3 Rh8
22.Ke2 Rh5 23.Rb1 b6 24.Nd2 Nf6 25.c4 Rg5 26.g3 Ra5 27.Rb2 Ng4 28.f3 Nh6
29.g4 Kg6 30.Ke3 f5 31.Nb3 Ra3 32.Kf4 fxg4 33.fxg4 Nf7 34.Re2 e5+ 35.dxe5 Nxe5
36.Ke4 a5 37.Rb2 Kg5 38.c5 Ra4+ 39.d4 bxc5 40.Nxc5 dxc5 41.Kxe5 cxd4 42.Rc2 d3
43.Rd2 Ra3 44.Kd4 Kxg4 45.Rxd3 Rxa2 46.Rc3 Rd2+ 47.Kc5 Rd8 48.Rc4+  1/2-1/2

[Event "TCh-RUS Major League"]
[Site "Dagomys RUS"]
[Date "2008.04.10"]
[Round "8"]
[White "Papin,V"]
[Black "Nagibin,G"]
[Result "1-0"]
[WhiteElo "2483"]
[BlackElo "2358"]

1.d4 g6 2.e4 Bg7 3.Nc3 d6 4.f4 Nc6 5.Be3 Nf6 6.Nf3 Bg4 7.d5 Nb8 8.h3 Bxf3
9.Qxf3 c6 10.O-O-O cxd5 11.exd5 O-O 12.g4 Na6 13.h4 Qa5 14.Bd4 Rfc8 15.Kb1 b5
16.h5 b4 17.Bxa6 Qxa6 18.Ne4 Qc4 19.Nxf6+ Bxf6 20.Qf2 a5 21.hxg6 fxg6 22.Qh2 Bxd4
23.Qxh7+ Kf8 24.Qxg6 e6 25.dxe6 Ra7 26.e7+ Rxe7 27.Rxd4 Qxd4 28.Qf5+ Kg7
29.Qxc8 Qxf4 30.Qh8+ Kf7 31.a4 bxa3 32.Rh7+ Ke6 33.Qc8+  1-0

[Event "10th Open"]
[Site "Dubai UAE"]
[Date "2008.04.14"]
[Round "9"]
[White "Ramnath,B"]
[Black "Othman,A"]
[Result "1-0"]
[WhiteElo "2204"]
[BlackElo "2335"]

1.e4 d6 2.d4 g6 3.Nc3 Bg7 4.f4 a6 5.Nf3 Bg4 6.Be3 Nc6 7.d5 Bxf3 8.Qxf3 Nd4
9.Qf2 c5 10.dxc6 Nxc6 11.Be2 Nf6 12.O-O O-O 13.Rad1 Qc8 14.Qh4 b5 15.Bf3 Qe6
16.Rfe1 Rac8 17.Bf2 h5 18.h3 Qc4 19.g4 hxg4 20.hxg4 Nb4 21.Kg2 Nxc2 22.Rh1 Rfe8
23.f5 b4 24.Nd5 Nxd5 25.Rxd5 Qxa2 26.fxg6 fxg6 27.Qh7+ Kf7 28.Rh6 e6 29.Qxg6+ Kf8
30.Rg5 Qxb2 31.e5 Ne1+ 32.Kh3 Bxe5 33.Rh7  1-0

[Event "Gausdal Classics GMB"]
[Site "Gausdal NOR"]
[Date "2008.04.14"]
[Round "7"]
[White "Hirneise,T"]
[Black "Andreasen,P"]
[Result "1/2-1/2"]
[WhiteElo "2382"]
[BlackElo "2242"]

1.e4 g6 2.d4 Bg7 3.Nc3 d6 4.g3 Nc6 5.Be3 e5 6.dxe5 Nxe5 7.h3 f5 8.exf5 Bxf5
9.Qe2 Ne7 10.O-O-O O-O 11.f4 N5c6 12.Nf3 Qd7 13.Bg2 Rae8 14.g4 Be6 15.Nd4 Bf7
16.Nxc6  1/2-1/2

[Event "26th Metz Open"]
[Site "Metz St Symphorien FRA"]
[Date "2008.04.19"]
[Round "1"]
[White "Wonner,F"]
[Black "Haub,TM"]
[Result "1/2-1/2"]
[WhiteElo "1855"]
[BlackElo "2467"]

1.e4 g6 2.d4 Bg7 3.Nc3 d6 4.Be3 a6 5.a4 b6 6.Bc4 e6 7.Qd2 h6 8.Nge2 Ne7 9.f4 d5
10.Bd3 dxe4 11.Bxe4 Nd5 12.Nd1 Ra7 13.Nf2 Nxe3 14.Qxe3 O-O 15.Nd3 Qd6 16.c3 Nd7
17.a5 Nf6 18.Bf3 Nd5 19.Qf2 Bd7 20.O-O Rb8 21.Ne5 Be8 22.g3 f6 23.Nc4 Qd8
24.axb6 cxb6 25.Ne3 a5 26.Nxd5 exd5 27.Qg2 Rd7 28.Nc1 Rd6 29.Re1 Qd7 30.Nd3 g5
31.h3 Bg6 32.Nf2 Qb5 33.Re2 Kh8 34.Rae1 gxf4 35.gxf4 Rg8 36.Kh1 Bf8 37.Qh2 Rd8
38.Ng4 Bg7 39.Qf2 Qd3 40.Bg2 Be4 41.Qh4 Rd7 42.Bxe4 dxe4 43.Nxh6 Bxh6  1/2-1/2

[Event "Open"]
[Site "Senj CRO"]
[Date "2008.04.19"]
[Round "5"]
[White "Crepan,M"]
[Black "Tomljanovic,G"]
[Result "1-0"]
[WhiteElo "2349"]
[BlackElo "2121"]

1.e4 g6 2.d4 d6 3.Nc3 Bg7 4.h3 Nf6 5.Nf3 O-O 6.Be3 c6 7.a4 Qa5 8.Nd2 Nbd7
9.Be2 a6 10.O-O e5 11.Nc4 Qc7 12.f4 Bh6 13.Qd2 exd4 14.Qxd4 d5 15.exd5 Nxd5
16.Nxd5 cxd5 17.Qxd5 Re8 18.Qf3 Rb8 19.Rfd1 Bf8 20.a5 Nc5 21.Ne5 Be6 22.b3 Rbd8
23.Bc4 Bxc4 24.Nxc4 Bg7 25.Rxd8 Rxd8 26.Rd1 Rxd1+ 27.Qxd1 Ne6 28.Qf3 Qd7
29.Kh2 Bd4 30.Qd1 Qc7 31.Bc1 Bc3 32.Qf3 Bg7 33.Kh1 Nd4 34.Qe4 Qc6 35.Qd3 Qe8
36.Be3 Nf5 37.Bf2 Qc8 38.Qd5 Qc7 39.Qe4 Qd7 40.Kh2 Ne7 41.Nb6 Qc7 42.c4 f5
43.Qe6+ Kh8 44.Nd7 Qxf4+ 45.Bg3 Qe4 46.Ne5 h5 47.Qxe7 h4 48.Qe8+ Kh7 49.Qxg6+ Kg8
50.Qf7+ Kh7 51.Qh5+ Kg8 52.Qxh4 Qxh4 53.Bxh4 Bxe5+ 54.Kg1 Kf7 55.Be1 Ke6
56.Kf2 Bd4+ 57.Kf3 Be5 58.h4 Bb2 59.Bd2 Be5 60.h5 Kf6 61.g4 Ke6 62.g5 Kf7
63.b4 Ke6 64.b5 Kf7 65.bxa6 bxa6 66.Bf4 Bd4 67.Bc7 Ke6 68.Bd8 Bc3 69.g6 Bd2
70.c5 Bh6 71.c6  1-0